000 00542nam a2200205Ia 4500
003 OSt
005 20250828170000.0
008 220917b |||||||| |||| 00| 0 eng d
037 _cTB
040 _aARTS
_cARTS
_beng
041 _2eng
_aeng
084 _aT:3 (P152) M8
_qAL
100 _aSuresh Kumar
245 0 _aStylistics and language teaching
260 _aDelhi
_bKalinga
_c1988
300 _a188p.
_ccm.
650 _aEDUCATION
942 _hT:3 (P152) M8
_cTB
_2CC
_n0
999 _c210071
_d210071